Introduction to counseling (Record no. 50687)
[ view plain ]
| 000 -LEADER | |
|---|---|
| fixed length control field | 01115cam a22003135a 4500 |
| 001 - CONTROL NUMBER | |
| control field | 14873597 |
| 005 - DATE AND TIME OF LATEST TRANSACTION | |
| control field | 20211215163014.0 |
| 008 - FIXED-LENGTH DATA ELEMENTS--GENERAL INFORMATION | |
| fixed length control field | 070601s2008 caua b 001 0 eng |
| 010 ## - LIBRARY OF CONGRESS CONTROL NUMBER | |
| LC control number | 2007900613 |
| 020 ## - INTERNATIONAL STANDARD BOOK NUMBER | |
| International Standard Book Number | 9780495092094 (student ed. : pbk.) |
| 020 ## - INTERNATIONAL STANDARD BOOK NUMBER | |
| International Standard Book Number | 0495092096 (student ed. : pbk.) |
| 040 ## - CATALOGING SOURCE | |
| Original cataloging agency | DLC |
| Transcribing agency | DLC |
| Modifying agency | DLC |
| 100 1# - MAIN ENTRY--PERSONAL NAME | |
| Personal name | Kottler, Jeffrey A. |
| 245 10 - TITLE STATEMENT | |
| Title | Introduction to counseling |
| Medium | [electronic resource] : |
| Remainder of title | voices from the field / |
| Statement of responsibility, etc | Jeffrey A. Kottler, David S. Shepard. |
| 250 ## - EDITION STATEMENT | |
| Edition statement | 6th ed. |
| 260 ## - PUBLICATION, DISTRIBUTION, ETC. (IMPRINT) | |
| Place of publication, distribution, etc | Australia ; |
| -- | Belmont, CA ; |
| Name of publisher, distributor, etc | Thomson-Brooks/Cole, |
| Date of publication, distribution, etc | c2008. |
| 300 ## - PHYSICAL DESCRIPTION | |
| Extent | 1 online resource |
| 336 ## - CONTENT TYPE | |
| Content Type Term | text |
| 337 ## - MEDIA TYPE | |
| Media Type Term | computer |
| 338 ## - CARRIER TYPE | |
| Carrier Type Term | online resource |
| 504 ## - BIBLIOGRAPHY, ETC. NOTE | |
| Bibliography, etc | Includes bibliographical references (p. 544-561) and index. |
| 650 #0 - SUBJECT ADDED ENTRY--TOPICAL TERM | |
| Topical term or geographic name as entry element | Counseling. |
| 655 #4 - INDEX TERM--GENRE/FORM | |
| Genre/form data or focus term | Electronic books |
| 700 1# - ADDED ENTRY--PERSONAL NAME | |
| Personal name | Shepard, David S. |
| 856 ## - ELECTRONIC LOCATION AND ACCESS | |
| Uniform Resource Identifier | <a href="https://drive.google.com/file/d/1Zk60ZQkV3BtOvBBp5H8F2Rsfe89QLXEp/view?usp=sharing">https://drive.google.com/file/d/1Zk60ZQkV3BtOvBBp5H8F2Rsfe89QLXEp/view?usp=sharing</a> |
| 906 ## - LOCAL DATA ELEMENT F, LDF (RLIN) | |
| a | 7 |
| b | cbc |
| c | origcop |
| d | 3 |
| e | opcn |
| f | 20 |
| g | y-gencatlg |
| 942 ## - ADDED ENTRY ELEMENTS (KOHA) | |
| Source of classification or shelving scheme | Library of Congress Classification |
| Item type | eBooks |
| Withdrawn status | Lost status | Source of classification or shelving scheme | Damaged status | Not for loan | Home library | Current library | Date acquired | Inventory number | Total Checkouts | Date last seen | Price effective from | Koha item type |
|---|---|---|---|---|---|---|---|---|---|---|---|---|
| Library of Congress Classification | BSOP Library | Digital Library | 05/07/2024 | eB-00016 | 05/07/2024 | 05/07/2024 | eBooks |
